MDQL
is popping MORE tags! Check the
thread
!
Quizzes
Events
Quiz Creation
Community
Videos
Private Events
Remove Ads
Sign In
Join for FREE
Feedback
Dark Mode
Quiz Categories
Sports
Geography
Music
Movies
Television
Just For Fun
Miscellaneous
History
Literature
Language
Science
Gaming
Entertainment
Religion
Holiday
For Kids
Quiz Lab
Recent
Popular Today
Quiz Kudos Today
Editor Picks
Curator Picks
Quizzes by...
Day
Popularity
Type
Ratings
Length
Year
Community
Subscriptions
Recent Discussions
Orange Saloon
Badges
Playlists
Quests
Create
Leaderboards
Showdown
Live 5
Trivia Bingo
Activity
Puzzle Library
Sporcle Events
Private Events
Virtual Trivia
Globe League
Become a Host
Pub Owners
SporcleCon
Opinionation
Our Games
Videos
Blog
Mobile Apps
Partnerships
Remove Ads and Go Orange
Feedback
Geography
Country
Landmarks
City
State
Population
World
Capital
Continent
Flags
Europe
Africa
Asia
South America
North America
Oceania
Border
Canada
United Kingdom
Topography
United States
Geography
Country
Landmarks
City
State
Population
World
Capital
Continent
Flags
Europe
Africa
Asia
South America
North America
Oceania
Border
Canada
United Kingdom
Topography
United States
Random Quiz
Search Sporcle
×
Quiz Lab
Quiz Lab
Geography
Clickable
Type in answers that appear in a list
Type in answers that appear in a list
Classic
Best Score? Go Orange.
Top States for 1-Percenters Stats
Pick the states that have the highest income to qualify as a 1-Percenter?
By
tbonedanhan
3m
15 Questions
51 Plays
51 Plays
51 Plays
Comments
Comments
Give Quiz Kudos
Give Quiz Kudos
-
- Ratings
hide this ad
More Info
Replay
Link that replays current quiz
Next Quiz
Link to next quiz in quiz playlist
You Got
0%
They Got
Avg Score
54%
Avg Friend Score
Upgrade to see
Score Distribution
Jump to the score distribution portion of the page
Score
0/15
Timer
03:00
0
Plays Today
State
% Correct
California
82.4%
Connecticut
80.4%
Colorado
78.4%
Illinois
72.5%
New York
62.7%
Texas
60.8%
Massachusetts
54.9%
Washington
54.9%
State
% Correct
Virginia
52.9%
New Jersey
51%
Maryland
47.1%
Minnesota
41.2%
Wyoming
31.4%
North Dakota
25.5%
South Dakota
21.6%
Quiz Playlist
Details
Report
Send in Message
Add To Playlist
More Info:
Highest Income Per State
Classic:
Type in answers that appear in a list
Quiz Source
Last Updated: Aug 15, 2017
Quiz Scoreboard
CHALLENGE
Sign Up to Join the Scoreboard
Show All
Scores
Hide
Comments
May contain spoilers
Recently Published
Find the 'City' Movie
by crazypaving
Movies
60s
5x2 Blitz: Bands
by SL_Kpop136
Music
30s
Colored Red Africa Blitz
by spor1
Geography
30s
More to Explore
Quiz From the Vault
Featured Blog Post
14 Easter Pick-up Lines to Find Eggs With
hide this ad
You Might Also Like...
Tags
Clickable Quiz
State Quiz
highest
income
Qualify
Today's Top Quizzes in Geography
Browse Geography
hide this ad
Today's Top Quizzes in Clickable
Browse Clickable
Top Contributed Quizzes in Geography
1
Countries of the World - No Outlines Minefield
2
Colored Red Europe Blitz I
3
Colored Red Africa Blitz II
4
Colored Red Europe Blitz II
5
Colored Red Africa Blitz III
6
Colored Red Europe Blitz III
7
Colored Red States Blitz I
8
African Flag Reveal XLVI
9
Colored Red States Blitz II
10
Colored Red States Blitz III
Explore More
Trending Topics
Harry Potter
Marvel
NBA
Crossword
Anime
Kpop
Disney
Song
WWE
The Office
Soccer
Country
Pokémon
Puzzle
NFL
hide this ad
More By:
tbonedanhan
Quiz
Plays
Rating
Category
Featured
Created
Rolling Stone's Top 50 Albums - Artists
161
3.00
Music
May 28, 2016
Most Corrupt Countries 2013
132
2.44
Geography
Dec 7, 2013
Holy Family
123
3.40
Religion
May 27, 2019
World Cities with Highest Hotel Costs 2014
104
2.57
Geography
Jan 17, 2015
Beatles Songs with Animal Lyrics
95
3.00
Music
Jun 1, 2013
Go to Creator's Profile
Score Distribution
Quiz Creator Spotlight
tbonedanhan
Follow
Send a Message
Quizzes Created
-
Created Quiz Play Count
-
More By This Creator
Popular Quizzes Today
1
Colored Red Africa Blitz
2
Find the 'City' Movie
3
Find the US States - No Outlines Minefield
4
5x2 Blitz: Bands
5
The Countries of the World
6
Find the US States
7
Find the Countries of Europe - No Outlines Minefield
8
US States
More Geography Quizzes
Mozambique Physical Geography
Quiz Lab
Trending Quizzes
Colored Red Europe Blitz I
Colored Red Europe Blitz II
Colored Red Africa Blitz II
Colored Red Europe Blitz III
Colored Red Africa Blitz III
Recently Updated
How Do You Spell That?
pecheneg
Godzilla Movies
pecheneg
Grab Bag: 4-10 Letters
pecheneg
2024 March Madness Bracket
pecheneg
Famous TV Couples
Peacemaker
Champions League XIs: Real Madrid
pecheneg
Largest US Cities 1790-2010
pecheneg
Rides in Walt Disney World
pecheneg
Most Oscar Losses (Acting)
pecheneg
Beyoncé Albums
pecheneg
Trending Topics
Marvel
NBA
Kpop
Anime
Harry Potter
Crossword
Disney
Country
NFL
Pokémon
WWE
Puzzle
Soccer
The Office
Song
Your Account Isn't Verified!
In order to create a playlist on Sporcle, you need to verify the email address you used during registration. Go to your
Sporcle Settings
to finish the process.
Report this User
Report this user for behavior that violates our
Community Guidelines
.
Details:
Send Report
Go to the Sporcle.com Mobile Site →
Comments